Variasi fesyen anakku : panduan menjahit langkah demi langkah

Bibliographic Details
Main Author: Mariam Abu Bakar
Format: Book
Published: Selangor : Alaf 21 , 2002
Subjects:

MARC

LEADER 00000cam a2200000 7i4500
001 0000014619
005 20080304.0
008 080304
020 |a 9831240731 
090 0 0 |a 746.92083   |b MAR 
100 0 |a Mariam Abu Bakar 
245 1 0 |a Variasi fesyen anakku :   |b panduan menjahit langkah demi langkah   |c Mariam Abu Bakar 
260 |a Selangor :   |b Alaf 21 ,   |c 2002 
650 0 |a Child models   |x Handbooks, manual, etc 
650 0 |a Children   |x Costume   |x Handbooks, manual, etc 
650 0 |a Tailoring   |x Pattern design   |x Handbooks, manual, etc 
999 |a 0000909869   |b Book   |c Adult Collection   |e Cawangan Bandar Tenggara 
999 |a 0000909870   |b Book   |c Adult Collection   |e Cawangan Bandar Tenggara 
999 |a 0001013038   |b Book   |c Adult Collection   |e Perbadanan Perpustakaan Awam Johor 
999 |a 0001013040   |b Book   |c Adult Collection   |e Cawangan Bukit Gambir 
999 |a 0001070445   |b Book   |c Adult Collection   |e Cawangan Tangkak